Loading...

Principles of crop improvement

Bibliographic Details
Main Author: Simmonds, N W
Format: Printed Book
Language:Undetermined
English
Published: London Longman Group Ltd 1979
Subjects:
LEADER 00583nam a2200181Ia 4500
008 140306s9999 xx 000 0 und d
041 |a eng 
082 |a 631 .53  |b SIM/PR 
100 |a Simmonds, N W 
245 |a Principles of crop improvement 
260 |a London  |b Longman Group Ltd  |c 1979 
300 |a 408 
365 |b UKP .7 .95 
650 |a plant breeding 
650 |a Plant Propagation 
942 |2 ddc  |c BK 
999 |c 116104  |d 116104 
952 |0 0  |1 0  |2 ddc  |4 0  |6 631__530000000000000_SIMPR  |7 0  |9 114683  |a KAUHCV  |b KAUHCV  |d 2002-04-27  |g 7.95  |o 631 .53 SIM/PR  |p KAU_HCV-9590  |r 2014-03-22  |w 2014-03-22  |y BK